000 03751cam a22007814i 4500
003 PE-LiUPU
005 20250731170412.0
008 020827s2002 mx a rb 000 0 spa d
020 _a9684269528
020 _a9789684269521
035 _a(Sirsi) i9789684269521
040 _aUEV
_bspa
_cUEV
_dOCLCQ
_dUGX
_dSJL
_dOCLCQ
_dDQ$
_dOCLCQ
_dPE-LiUPU
_erda
041 1 _aspa
_heng
049 _aPRUA
050 1 4 _aRJ506.P32
_bK47
082 0 4 _a155.25
_bK44
_220
100 1 _aKernberg, Paulina F.,
_eautor.
245 1 0 _aTrastornos de la personalidad en niños y adolescentes /
_cPaulina F. Kernberg, Alan S. Weiner, Karen K. Bardenstein ; traductora Olga Santa María de Gómez Roch ; editor responsable Gloria Padilla Sierra.
264 1 _aMéxico :
_bEl Manual Moderno,
_c2002.
300 _axiii, 262 páginas ;
_c26 centímetros.
336 _atext
_2rdacontent
337 _aunmediated
_2rdamedia
338 _avolume
_2rdacarrier
504 _aBibliografía: páginas 233-254.
504 _aíndice: páginas 255-262.
505 0 _aPerspectiva del desarrollo -- Transtornos de la personalidad en niños y adolescentes: revisión -- Componentes de la personalidad -- Evaluación de transtornos de personalidad en niños y adolescentes -- Evaluación de transtornos de personalidad en niños y adolescentes -- Organización neurológica de la personalidad -- Transtornos histéricos (e histriónicos) de la personalidad -- Transtornos de la personalidad por evitación -- Transtorno obsesivo-compulsivo de la personalidad -- Organización limítrofe de la personalidad -- Transtorno limítrofe de la personalidad -- Transtorno narcisista de la personalidad -- Trastorno antisocial de la personalidad Organización psicótica de la personalidad -- Transtornos esquizotípicos, paranoides y esquizoides de la personalidad -- Temas especiales e implicaciones para la investigación.
526 _aSEG68
526 _aSEG70
526 _aSEG69
526 _aSEG67
526 _aSEG43
526 _aP144
526 _aP143
526 _aP131
526 _aP122
526 _aP120
526 _aP117
526 _aP112
526 _aP110
526 _aP106
526 _aP101
526 _aP80
526 _aP59
526 _aP54
526 _aP35
526 _aP33
526 _aP30
534 _aTítulo original :
_tPersonality disorders in children and adolescents.
541 _gF002-00000789;
650 0 _aTrastornos de la personalidad en adolescentes.
650 0 _aTrastornos de la personalidad en ninos.
_9522
650 4 _aPsiquiatría del adolescente.
650 4 _aPsiquiatría infantil.
650 4 _aTrastornos de la personalidad.
700 1 _aWeiner, Alan S.,
_eautor.
700 1 _aBardenstein, Karen K.,
_eautor.
700 1 _aGómez Roch, Olga Santa María de,
_etraductor.
700 1 _aPadilla Sierra, Gloria,
_eeditor.
910 _btqv
_cwelc
_d20160907
910 _adbm
_bsag
_csag
_d20190108
942 _2ddc
_cBOOK
949 _a155.25 K44 2002
_wDEWEY
_c1
_iFJ01910
_lCCODEBUJ1
_mBUJ
_p17.10
_r0
_sY
_tBOOK
_u2016-9-7
_xSALUD
_PP33
_0COMPRA
_o.STAFF. Colección General Juliaca
994 _aC0
_bPEPRU
596 _a1 3
999 _a155.25 K44 2002
_wDEWEY
_c12207
_iFJ01910
_d12207
_e2019-10-30
_f2022-1-17
_g4
_lCCODEBUJ1
_mBUJ
_n32
_p17.10
_q47
_r0
_sY
_tBOOK
_u2016-9-7
_xSALUD
_zP33
_0COMPRA
_o.STAFF. Colección General Juliaca
999 _a155.25 K44
_wDEWEY
_c1
_i79457
_d2019-11-14
_e2019-9-24
_f2021-11-3
_g3
_lCCODEBUL1
_mBUL
_n4
_p57.02
_q3
_r0
_sY
_tBOOK
_u2019-1-8
_xSALUD
_zP33
_0COMPRA
_1FCOMPR2
_o.STAFF. Colección Ciencias de la Salud
980 _81
_gALBERTO SANCHEZ Responsable de Automatización